Bilecik Bilecik Bilecik Bilecik Bilecik

Güvenlik hizmetlerinde çağdaş yaklaşımlar/ (Record no. 27970)

MARC details
000 -BAŞLIK
Sabit Uzunluktaki Kontrol Alanı 03000nam a22003617a 4500
001 - KONTROL NUMARASI
Control Dosyası 0028046
003 - KONTROL NUMARASI KİMLİĞİ
Kontrol Alanı KOHA_MİRAKIL
005 - EN SON İŞLEM TARİHİ ve ZAMANI
Kontrol Alanı 20260207002617.0
007 - FİZİKSEL TANIM SABİT ALAN - GENEL BİLGİ
Sabit uzunluklu kontrol alanı ta
008 - SABİT UZUNLUKTAKİ VERİ ÖGELERİ - GENEL BİLGİ
Sabit Alan 110307b2011 tu a|||grn|||#0|||0|tur |
020 ## - ISBN - ULUSLARARASI STANDART KİTAP NUMARASI
Isbn 9789758657643
040 ## - KATALOGLAMA KAYNAĞI
Özgün Kataloglama Kurumu TR-BiSEU
Kataloglama Dili tur
Çeviri Kurumu TR-BiSEU
Açıklama Kuralları rda
041 0# - DİL KODU
Metin ya da ses kaydının dil kodu tur
044 ## - YAYINLAYAN/ÜRETEN KURULUŞUN ÜLKE KODU
ISO country code tu
050 ## - SINIFLAMA ve YER NUMARASI
Sınıflama Numarası HV8241.93
Yer Numarası .G98 2011
245 0# - ESER ADI BİLDİRİMİ
Başlık Güvenlik hizmetlerinde çağdaş yaklaşımlar/
Sorumluluk Bildirimi ed. Serdar Kenan Gül, Muhittin Karakaya.
264 #1 - ÜRERİM, YAYIN, DAĞITIM ve TELİF BİLDİRİMİ
Yayın yeri Ankara :
Yayınlayan Polis Akademisi Başkanlığı
Yayın tarihi 2011
300 ## - FİZİKSEL TANIMLAMA
Sayfa, Cilt vb. Vİ, 334 sayfa :
Diğer fiziki detaylar res. ;
Boyutları 24 cm.
336 ## - İÇERİK TÜRÜ
Content type term metin
Content type code txt
Source rdacontent
337 ## - MEDYA TÜRÜ
Media type term aracısız
Media type code n
Source rdamedia
338 ## - TAŞIYICI TÜRÜ
Carrier type term cilt
Carrier type code nc
Source rdacarrier
490 1# - DİZİ BİLDİRİMİ
Dizi Bildirimi Polis Akademisi Yayınları.
490 1# - DİZİ BİLDİRİMİ
Dizi Bildirimi Güvenlik Yönetimi Serisi ;
Cilt Numarası 3.
500 ## - GENEL NOT
Genel Not Kaynakça var.
505 ## - İÇİNDEKİLER NOTU
İçindekiler Notu
650 #0 - KONU BAŞLIĞI EK GİRİŞ - KONU TERİMİ
Konusal terim veya coğrafi ad Police--Turkey.
9 (RLIN) 36432
650 #0 - KONU BAŞLIĞI EK GİRİŞ - KONU TERİMİ
Konusal terim veya coğrafi ad Intelligence service--Turkey.
9 (RLIN) 17204
650 #0 - KONU BAŞLIĞI EK GİRİŞ - KONU TERİMİ
Konusal terim veya coğrafi ad Police--Administration.
9 (RLIN) 55618
830 1# - SERİ EK GİRİŞİ - TEKBİÇİM ESER ADI
Tekbiçim Başlık Polis Akademisi Yayınları.
9 (RLIN) 55619
830 1# - SERİ EK GİRİŞİ - TEKBİÇİM ESER ADI
Tekbiçim Başlık Güvenlik Yönetimi Serisi ;
Volume number/sequential designation 3.
9 (RLIN) 55620
907 ## - LOCAL DATA ELEMENT G, LDG (RLIN)
a Araştırma
942 ## - EK GİRİŞ ÖGELERİ (KOHA)
Source of classification or shelving scheme Library of Congress Classification
Koha item type Book
505 ## - İÇİNDEKİLER NOTU
--
--
--
--
-- Önsöz V
--
-- Bilişim Teknolojilerinin Adli Soruşturmalara Etkisi 1
-- Hakan HEKİM, Serdar Kenan GÜL
--
-- Gelişen İnternet ve Bilişim Teknolojilerine Yönelik Polislerin
-- Beklenti ve Hedefleri 33
-- Hüseyin ÇAKIR
--
-- Açık Sistem Teorisi Perspektifinde Türk Polis Teşkilatı'nda
-- e-Polis Uygulamalarının Değerlendirilmesi 45
-- Kübra GÜLTEKÎN
--
-- Emniyet Teşkilatında Mobese Uygulamaları 55
-- Ömer MAZLUM
--
-- Helikopterlerin Polis Hizmetlerine Katkıları 65
-- Ramazan YALÇINKAYA
--
-- Gelişmemiş Parmakizlerinin Laboratuar Ortamında
-- Geliştirilmesinde Kullanılan Yöntemler 79
-- Nevcivan AÇILKAN
--
-- Adli Entomoloji 101
-- Ersin KARAPAZARLIOĞLU
--
-- Olay Yeri İnceleme İşlemleri Otomasyon Projesi ve
-- Eşkâl Tespit Projesi: Bursa Emniyet Müdürlüğü Örneği 119
-- Himmet ÖZCAN, İsmail GÜNEŞ, Uğur ARGUN
-- Polisin İnsan Hakları Gelişiminin Bilimsel Bir Çalışma İşığında
-- İncelenmesi 155
-- Murat DELİCE
--
-- Polisin İş Tatmini, Hukuk ve İnsan Hakları Hukukuna
-- Yönelik Tutumu 175
-- Hüseyin AKDOĞAN, Sıddık EKİCİ, Fatih DOĞRU
--
-- Poliste Transformasyonel ve Transaksiyonel Liderlik:
-- Eskişehir Emniyet Müdürlüğü Alan Araştırması 203
-- Ali Boğaçhan YÜCEL
--
-- Vardiyalı Çalışma Sistemlerinin Teşkilat İhtiyaçları Bağlamında
-- İncelenmesi 215
-- Cihangir BAYCAN
--
-- Polislerin Benlik Saygısı ve Mesleki Benlik Saygılarının
-- Sahip Oldukları Değerler Açısından İncelenmesi 235
-- Ruhi YİĞİT. Bülent DİLMAÇ. O. Tolga ARICAK. M. Engin DENİZ
--
-- Asayiş Hizmetlerinde Örgütsel Performans Yönetimi Projesi 251
-- Turgut GÖKSU Muhittin KARAKAYA. Kazım SEYHAN. Veysel K BİLGİÇ, Serdar Kenan GÜL
--
-- Polis Reformu: Polisiye, Yardımcı ve İdari Rollerin Revizyonunun
-- Yapılması 265
-- Cevdet ZENGİN
--
-- ABD Polis Nezarethaneleri Yönetimi ve
-- Türk Polis Teşkilatına Öneriler 311
-- Sinan ÜLKEMEN
--
Holdings
Materyal Türü Kalıcı Konum Mevcut Konum Raf Yeri Sınıflandırma Kaynağı Edinim Bilgisi Ana Konular Alt Konular Yer Numarası Demirbaş Numarası Fatura Tarihi Geri Çekilme Durumu Kayıp Durumu Hasarlı Durumu Kredi için değil Kayıt Tarih Toplam Ödünçverme Son Görülme Tarihi Son Kontrol Tarihi Genel / Bağış Notu
Book Prof. Dr. Azmi Özcan Kütüphanesi Prof. Dr. Azmi Özcan Kütüphanesi Uluğbey Salonu Library of Congress Classification Bağış SOSYAL BİLİMLER Sosyal Patoloji, Sosyal ve Kamu Refahı, Kriminoloji HV8241.93 .G98 2011 0028046 02/02/2026         07/03/2011 3 05/12/2024 05/12/2024 Genel Bağış